Com abordar els rumors : manual per comprendre'ls i dissenyar estratègies per contenir-los / [autor: Fabio Gallego Reinoso ; direcció i coordinació: Àrea d'Igualtat i Ciutadania de la Diputació de Barcelona] manual per comprendre'ls i dissenyar estratègies per contenir-los / [autor:

per Gallego Reinoso, Fabio

Descripció física: 110 p. ; 29 cm

MARC

LEADER 00000nam a2200000Ia 4500
001 23097
008 160829s2010 xx 000 0 cat d
080 |a M-6-394 
100 |a Gallego Reinoso, Fabio  |9 43405 
245 |a Com abordar els rumors :  |b  manual per comprendre'ls i dissenyar estratègies per contenir-los / [autor:  |b  Fabio Gallego Reinoso ; direcció i coordinació:  |b  Àrea d'Igualtat i Ciutadania de la Diputació de Barcelona] 
260 |a Barcelona :  |b Diputació de Barcelona. Àrea d'Igualtat i Ciutadania. Servei de Polítiques de Diversitat i Ciutadania,  |c 2010 
300 |a 110 p. ;  |c 29 cm 
590 |a Bibliografia 
650 |a Rumor  |x Manuals, guies, etc.  |9 43406 
710 1 |a Barcelona (Catalunya : Província).  |b Servei de Polítiques de Diversitat i Ciutadania  |9 52870 
901 |a Arxiu 
942 |n 1 
952 |0 0  |1 0  |4 0  |6 M6394  |7 1  |9 51410  |a Arxiu  |b Arxiu  |d 2016-12-01  |l 0  |o M-6-394  |p 23097  |r 2016-12-01 00:00:00  |w 2016-12-01  |y ARXIU 
999 |c 55254  |d 55254